Catalog

Record Details

Catalog Search



Sworn to protect : Call of duty  Cover Image Book Book

Sworn to protect : Call of duty / DiAnn Mills.

Mills, DiAnn. : (author).

Summary:

Border Patrol Agent Danika Morales has sworn to protect the southern borders of our nation, but that oath has cost her. Two years ago, her husband, Toby, was killed trying to help the very immigrants Danika was responsible for sending back to Mexico. His murder was never solved. But now, a recent string of attacks and arrests leads her to believe that someone in McAllen is profiting from sneaking undocumented immigrants into the country . . . and it may somehow be tied to Toby’s death.

Record details

  • ISBN: 9781414320519
  • ISBN: 1414320515
  • Physical Description: 386 pages ; 21 cm.
  • Publisher: Carol Stream, Ill. : Tyndale House, ©2010.
Subject: Border patrol agents > Fiction.
Immigrants
Murder
Unsolved murders
Genre: Christian fiction.
Thrillers (Fiction)

Available copies

  • 1 of 1 copy available at scottsboropl.

Holds

  • 0 current holds with 1 total copy.
Show Only Available Copies
Location Call Number / Copy Notes Barcode Shelving Location Status Due Date
scottsboropl F Mil 32269001266660 Adult - Fiction Available -

LDR 02459cam a2200505 a 4500
001164868
003SBPL
00520241031105547.0
008090810s2010 ilu 000 1 eng
010 . ‡a 2009032537
020 . ‡a9781414320519 ‡q(pbk.)
020 . ‡a1414320515 ‡q(pbk.)
035 . ‡a(OCoLC)430192652 ‡z(OCoLC)1102223896
05000. ‡aPS3613.I567 ‡bS96 2010
08200. ‡a813/.6 ‡222
1001 . ‡aMills, DiAnn. : ‡eauthor
24510. ‡aSworn to protect : ‡bCall of duty / ‡cDiAnn Mills.
260 . ‡aCarol Stream, Ill. : ‡bTyndale House, ‡c©2010.
300 . ‡a386 pages ; ‡c21 cm.
336 . ‡atext ‡btxt ‡2rdacontent
337 . ‡aunmediated ‡bn ‡2rdamedia
338 . ‡avolume ‡bnc ‡2rdacarrier
4901 . ‡aCall of duty ; ‡vBk 2
520 . ‡aBorder Patrol Agent Danika Morales has sworn to protect the southern borders of our nation, but that oath has cost her. Two years ago, her husband, Toby, was killed trying to help the very immigrants Danika was responsible for sending back to Mexico. His murder was never solved. But now, a recent string of attacks and arrests leads her to believe that someone in McAllen is profiting from sneaking undocumented immigrants into the country . . . and it may somehow be tied to Toby’s death.
650 0. ‡aBorder patrol agents ‡vFiction.
650 0. ‡aImmigrants
650 0. ‡aMurder
650 0. ‡aUnsolved murders
655 7. ‡aChristian fiction. ‡2lcgft
655 7. ‡aThrillers (Fiction) ‡2lcgft
8001 . ‡aMills, DiAnn. ‡tCall of duty ; ‡vBk 2.
901 . ‡a164868 ‡bAUTOGEN ‡c164868 ‡tbiblio

Additional Resources